Statistics for Guess the Famous People from their Eyes #8

Click here to take the quiz!

General Stats

  • This quiz has been taken 94 times
  • The average score is 6 of 16

Answer Stats

Answer% Correct
Selena Gomez
86%
Keanu Reeves
70%
Scarlett Johansson
64%
Harry Styles
63%
Vin Diesel
58%
Tom Hiddleston
52%
Joe Jonas
48%
Paul McCartney
45%
Joan Rivers
27%
Jessica Alba
24%
Dolly Parton
22%
Eddie Murphy
16%
Paula Abdul
14%
Felicity Jones
7%
Allyson Felix
1%
Sachin Tendulkar
0%

Score Distribution

Percentile by Number Answered

Percent of People with Each Score

Your Score History

You have not taken this quiz